|
|
|
|
| LEADER |
00000nam a2200000 4500 |
| 001 |
vtls001154439 |
| 003 |
SK-MaSNL |
| 005 |
20260301194356.0 |
| 008 |
251112s1528 gw a f 00000 ger |
| 015 |
|
|
|a SNBHFA
|
| 035 |
|
|
|a SNK000097326
|
| 040 |
|
|
|a SNK
|b slo
|c SNK
|e rda
|
| 041 |
0 |
|
|a ger
|
| 044 |
|
|
|a gw
|c DE
|
| 072 |
|
7 |
|a 618
|x Gynekológia. Pôrodníctvo
|2 konspekt
|
| 080 |
|
|
|a 618.2
|2 2011
|
| 100 |
1 |
|
|a Rösslin, Eucharius,
|d 1470-1526
|4 aut
|9 574862
|
| 245 |
1 |
1 |
|a [Der Schwangeren frawen vnd Hebammen Rosengartten]
|
| 264 |
|
3 |
|a Augspurg
|b Gedruckt und vollendet inn der Keyserlich statt Augspurg /durch Heinrich Steyner/
|c am 19. Nouembris yhm M. D. vnd xxviij (1528) jare
|
| 300 |
|
|
|a F3-L4, M3, 25 listov zachovaných
|c 17,5 cm
|
| 336 |
|
|
|a text
|b txt
|2 rdacontent
|
| 337 |
|
|
|a bez média
|b n
|2 rdamedia
|
| 338 |
|
|
|a zväzok
|b nc
|2 rdacarrier
|
| 500 |
|
|
|a Iniciálky s ornamentálnym a figurálnym pozadím v rámčeku na 4, 5 riadkov, kustody, slovník latinsko-nemecký
|
| 501 |
|
|
|a Príväzok 1.: SCHÖNER, Johann. Eyn nutzlichs büchlein viler bewerter Ertzney/lang zeyt versamlet vnd zůsamen pracht ... Gedruckt zů Nůremberg : [Gutknecht, Jobst], ec. 1529.
|5 SNK ID 92968/prív.1
|
| 501 |
|
|
|a Príväzok 2.: LAFRANCUS. Kleyne Wundartznei des hoch berümpte Lafranci ... Gedruckt zů Strassburg : bei Christian Egenolphen, Volendt am XXX. tag des Augsts. Im Jar M. D. XXVIII (1528).
|5 SNK ID 92968/prív.2
|
| 501 |
|
|
|a Príväzok 3.: SCHRICK, Michael. Apoteck für den gemainen man/ der die Erzte zů ersuchen/ ... Gedruckt zu Nürmberg : durch Fryderich Peypus, 1529.
|5 SNK ID 92968/prív.3
|
| 501 |
|
|
|a Príväzok 4.: SEITZ, Alexander. Ein nutzlicher tractat Beschriben de gemainē menschen Von der aderlass ... [Landshut] : Gedruckt durch Johann Weyssenburger, 1527.
|5 SNK ID 92968/prív.4
|
| 501 |
|
|
|a Príväzok 5.: VADIAN, Joachim. EJn kurtz vnd trüwlich vnderricht/ wider die sorgklich kranckey de Pestilétz ... Gedruckt der loblichen stat Basel : durch Adā Petri. Gedruckt zu Nürmberg : von Fryderich Peypus, Im jar als man zalt nach christi vnsers herren geburt, M. D. xx. (1520).
|5 SNK ID 92868/prív.5
|
| 510 |
4 |
|
|a VD 16
|c R 2853
|
| 510 |
4 |
|
|a BSB
|c 42/502
|
| 546 |
|
|
|a Nemecký text
|b Fraktúra
|
| 550 |
|
|
|a Impresorské údaje prevzaté z kolofónu
|
| 561 |
|
|
|a Proveniencia: okrúhla pečiatka: Bibliotheca L. O. Szent-Ivány Bélad.- pečať S. I. - M. E. Sz. Ivány.
|5 SNK ID 92868
|
| 562 |
|
|
|a Defektný exemplár: chýba titulný list a úvod tlače po F3.
|5 SNK ID 92868
|
| 563 |
|
|
|a Väzba: lepenková.
|5 SNK ID 92868
|
| 650 |
0 |
7 |
|a pôrodníctvo
|2 SNKPH
|9 2475
|
| 700 |
1 |
|
|a Steiner, Heinrich,
|d zomrel 1548
|4 prt
|9 204969
|
| 700 |
1 |
|
|a Szent-Iványi, Ladislav
|4 fmo
|9 574863
|
| 752 |
|
|
|a Nemecko
|d Augsburg
|
| 852 |
|
|
|a snk
|b Historické fondy
|p ID 92868
|
| 958 |
|
|
|a ONDV
|
| 958 |
|
|
|a DA
|
| 999 |
|
|
|c 881613
|d 883543
|
| 952 |
|
|
|t Tlače 16. stor.
|a SNK
|b SNK
|c SNK_HF
|y PREZ
|7 0
|p 17A1398637
|o snkID 92868
|i snkF 767/92
|8 5
|0 0
|1 0
|4 0
|d 2022-01-18
|f 1
|l 0
|r 2026-02-24 06:17:55
|w 2026-02-24
|